000 00502nam a2200181Ia 4500
005 20250326130350.0
008 250326s9999 xx 000 0 und d
037 _aTextbook
040 _aFMSL
_beng
_cFMSL
041 _aeng
_2eng
084 _aX:74 L0
_qFMSL
100 _aKatz R L
_9737518
245 0 _aCases & concepts in corporate strategy
_cKatz R L
260 _aNew Delhi
_bNew Delhi, Prentice-Hall
_c1970
300 _a820p
942 _cTB
_hX:74 L0
999 _c1282159
_d1282159